ბათუმის შოთა რუსთაველის სახელმწიფო უნივერსიტეტის ბიბლიოთეკა

ივანე ჯავახიშვილის კვალდაკვალ / (ბიბ.ჩანაწერი № 58764)

000 -ლიდერი
ფიქსირებული სიგრძის საკონტროლო ველი 01841nam a22002657a 4500
003 - საკონტროლო ნომრის იდენტიფიკატორი
საკონტროლო ველი Ge_BSU
005 - ბოლო ოპერაციის თარიღი და დრო
საკონტროლო ველი 20220719133515.0
008 - ფიქსირებული სიგრძის მონაცემთა ელემენტები - ზოგადი ინფორმაცია
ფიქსირებული სიგრძის საკონტროლო ველი 220719s2018ge xxu||||| |||| 00| 0 geo d
020 ## - წიგნის საერთაშორისო სტანდარტული ნომერი
International Standard Book Number 9789941956324 (წ. 6)
041 ## - ენის კოდი
Language code of text/sound track or separate title geo
080 ## - უნივერსალური ათობითი კლასიფიკაციის ინდექსი
Universal Decimal Classification number 930(479.22)(092)ჯ-21
100 ## - მთავარი ჩანაწერი - პიროვნების სახელი
Personal name ჯანელიძე, ოთარ.
9 (RLIN) 1743
245 ## - ცნობა სათაურის შესახებ
Title ივანე ჯავახიშვილის კვალდაკვალ /
Statement of responsibility, etc ოთარ ჯანელიძე ; რედ. ზაზა აბაშიძე.
264 ## - წარმოების, გამოცემის, დისტრიბუციის და სხვა ცნობები
გამოცემის, წარმოების, დისტრიბუციის... ადგილი თბილისი,
გამოცემის, წარმოების, დისტრიბუციის... თარიღი 2018.
300 ## - ფიზიკური აღწერა
Extent 100 გვ. :
Other physical details ფოტ. ;
Dimensions 21 სმ.
440 ## - სერიის ცნობა / დამატებულია ჩანაწერი - სათაური
Title კორნელი კეკელიძის სახელობის საქართველოს ხელნაწერთა ეროვნული ცენტრის სამეცნიერო-პოპულარული წიგნების სერია, 2587-4616 / სერიის რედაქტორი ზაზა აბაშიძე ; წიგნი VI
9 (RLIN) 14439
500 ## - ზოგადი შენიშვნა
General note წიგნი ეძღვნება თბილისის სახელმწიფო უნივერსიტეტის 100 წლის იუბილეს.
504 ## - BIBLIOGRAPHY, ETC. NOTE
Bibliography, etc ბიბლიოგრაფია: გვ. 93-98.
520 ## - SUMMARY, ETC.
Summary, etc რეზიუმე ინგლისურ ენაზე.
653 ## - INDEX TERM--UNCONTROLLED
Uncontrolled term ქართველი ისტორიკოსები.
653 ## - INDEX TERM--UNCONTROLLED
Uncontrolled term ივანე ჯავახიშვილის კვალდაკვალ
710 ## - ADDED ENTRY--CORPORATE NAME
Corporate name or jurisdiction name as entry element კორნელი კეკელიძის სახელობის საქართველოს ხელნაწერთა ეროვნული ცენტრი.
9 (RLIN) 10266
773 ## - HOST ITEM ENTRY
Title ნაჩუქარი
942 ## - ADDED ENTRY ELEMENTS (KOHA)
Source of classification or shelving scheme
Koha item type წიგნი
ეგზემპლარები
ჩამოწერის სტატუსი დაკარგული ეგზემპლარის სტატუსი კლასიფიკაციის წყარო ან თაროზე გაწყობის სქემა დაზიანების სტატუსი არ გაიცემა მუდმივი მდებარეობა (დაცვის ადგილი) ამჟამინდელი ადგილსამყოფელი თაროზე განთავსების ადგილი შეძენის თარიღი ღირებულება, შესყიდვის ნორმალური ფასი სრული შენახვის შიფრი შტრიხკოდი ბოლო ოპერაციის თარიღი ეგზემპლარის მიმდევრობითი ნომერი (კეტერი?) ფასის ძალაში შესვლის თარიღი ეგზემპლარის სახეობა საჯარო შენიშვნა
          ბათუმის შოთა რუსთაველის სახელმწიფო უნივერსიტეტის მთავარი ბიბლიოთეკა ბათუმის შოთა რუსთაველის სახელმწიფო უნივერსიტეტის მთავარი ბიბლიოთეკა წიგნსაცავი 2022-07-19 8.00 930(479.22)(092)ჯ-21 62999 2022-07-19 62999 2022-07-19 წიგნი 8.00